|
|
|
|
| LEADER |
00000nam a22000007a 4500 |
| 008 |
251120s2022 cl |||| o|||| 00| 0 spa d |
| 040 |
|
|
|a UAHC
|c UAHC
|
| 100 |
|
|
|a Franquesa S., Ana María
|9 22522
|
| 245 |
|
|
|a Breve reseña de la aplicación del análisis crítico del discurso a estructuras léxico-sintácticas
|c Ana María Franquesa S.
|
| 260 |
|
|
|a Santiago, Chile :
|b Pontificia Universidad Católica de Chile,
|c 2002.
|
| 300 |
|
|
|a 15 páginas
|
| 500 |
|
|
|a En : Onomázein, número 7, 2002, entre las páginas 449-462. ISSN; 07171285.
|
| 520 |
|
|
|a El Análisis del Discurso es una disciplina que se preocupa del estudio de la relación entre el lenguaje y el contexto en que este es usado. Este uso contextualizado del lenguaje, o discurso, normalmente corresponde a formas socialmente aceptadas, por lo que el discurso es, además de un evento lingüístico, un fenómeno social, sujeto, por tanto, a fuerzas sociales. Una de estas fuerzas es la ‘ideología’, la que Gee (1990) define como una teoría tácita de lo que es visto como normal y las formas correctas de pensar, sentir y actuar en una sociedad.
|
| 856 |
|
|
|y Acceso electrónico al documento
|u https://www.redalyc.org/articulo.oa?id=134518098022
|
| 900 |
|
|
|a Recurso electrónico
|
| 942 |
|
|
|c REVA
|
| 952 |
|
|
|0 0
|1 0
|4 0
|6 RECURSO_ELECTRÓNICO
|7 0
|8 COMP
|9 101491
|a BR
|b BR
|c Digital
|d 2025-11-20
|l 0
|o Recurso electrónico
|r 2025-11-20 15:35:28
|w 2025-11-20
|y REVA
|B ANT
|
| 999 |
|
|
|c 63182
|d 63182
|